00718nam a2200169 a 450000100100000000500170001000800410002704000250006808200150009311000990010824500910020726000910029830000200038904900090040995201130041899900170053100003038520240304103305.0110516s2002 dr 000 0 spa d aDO-SdBNPbspacBNPHU axxxbR426p1 aRepública Dominicana.b Secretaría de Estado de Medio Ambiente y Recursos Naturales91450310aProcedimiento para la tramitación del permiso ambiental de instalaciones existentes. aSanto Domingo :bSecretaría de Estado de Medio Ambiente y Recursos Naturales,c2002. a18 p. ;c22 cm. aBNPD 0010718PDaPDbPDcCTd2011-05-16iLF1l0oxxx R426pp30385-10r2020-06-25w2020-06-25yLFPDZNo se presta c29877d29877